000 00406nam a2200133Ia 4500
008 191206s9999 xx 000 0 und d
020 _a0812235576 (alk. pap
090 _aDS56.D2000
245 0 _aDictionary of the ancient Near East
260 _aUniversity of Pennsylvania Press
260 _cc2000
300 _a"x, 342 p. : ill., maps ; 26 cm."
999 _c15811
_d15811